000
00268nam a22001217a 4500
008
180424b xxu||||| |||| 00| 0 eng d
041
_a
eng
080
_a
043.3
100
_a
0
101
_a
ARK-BA
245
_a
Shkolle e Arkitektures
_c
Iberdemaj, A
942
_2
udc
_c
BK
999
_c
45441
_d
45441